000 00380 a2200109 4500
001 ART_41595
005 20260410161754.0
008 260409a
245 1 0 _aTratamiento de los fondos comunes de inversión abiertos en el impuesto sobre los bienes personales
100 1 _aGarcía, Fernando D.
773 0 _tDoctrina tributaria
_g- Nº 377 (ago. 2011)
_wREV4296
999 _c19985
_d19985